Avances recientes en biotecnología vegetal e ingeniería genética de plantas
Wedi'i Gadw mewn:
| Prif Awdur: | |
|---|---|
| Fformat: | Llyfr |
| Iaith: | Sbaeneg |
| Cyhoeddwyd: |
Barcelona, España
Reverté
2005
|
| Pynciau: | |
| Tagiau: |
Ychwanegu Tag
Dim Tagiau, Byddwch y cyntaf i dagio'r cofnod hwn!
|
MARC
| LEADER | 00000nam a2200000 a 4500 | ||
|---|---|---|---|
| 001 | UCK9283 | ||
| 003 | CL-VaPUC | ||
| 005 | 20250224123402.0 | ||
| 008 | 060428e20050000SP |||||||||||||||||spa|d | ||
| 999 | |c 316511 |d 316509 | ||
| 020 | |a 8429110038 | ||
| 040 | |c Pontificia Universidad Católica de Valparaíso | ||
| 082 | 0 | 4 | |a 631.5233 BEN 2005 |2 21 |
| 100 | 0 | |a Benítez Burraco, Antonio |9 498998 | |
| 245 | 1 | 0 | |a Avances recientes en biotecnología vegetal e ingeniería genética de plantas |
| 260 | 0 | 3 | |a Barcelona, España |b Reverté |c 2005 |
| 300 | |a 196 páginas | ||
| 583 | |a last modification |c 20060428 00:00:00 |k Rodrigo Vera | ||
| 650 | 0 | |a Biotecnología vegetal |9 441679 | |
| 650 | 7 | |a PRODUCTOS AGRICOLAS |2 CL-VaPUC |9 338601 | |
| 650 | 0 | |a Manipulación genética |9 373579 | |
| 942 | |c BK |2 ddc | ||
| 945 | |d 20060428 00:00:00 |a cmena | ||
| 952 | |0 0 |1 0 |2 ddc |4 0 |6 631_523300000000000_BEN_2005 |7 0 |8 A |9 390927 |a BIBCUR |b BIBCUR |d 2019-11-22 |i 4224132 |l 1 |m 2 |o 631.5233 BEN 2005 |p 4224132 |r 2025-04-22 |s 2022-03-22 |t 1 |w 2019-11-22 |y BK |k BIO | ||